[Event "AUTO-INT-2468"]
[Site "http://www.queenalice.com/game.php?id=1115470"]
[Date "2012.10.23"]
[Round "1"]
[White "Ricardoabreu"]
[Black "juaox9"]
[Result "0-1"]
[WhiteElo "1588"]
[BlackElo "1744"]

1. e3 c5 2. Bc4 d5 3. Bb5+ Nc6 4. Qf3 Nf6 5. b3 e5 6. Bb2 Bd6 7. Ba3 Bd7 8. d4
exd4 9. exd4 Nxd4 10. Qe3+ Be7 11. Bxd7+ Qxd7 12. Qe2 Nxe2 13. Nxe2 O-O 14. O-O
Rfe8 15. Nbc3 d4 16. Na4 b6 17. Nf4 Bd6 18. c3 Bxf4 19. g3 Qh3 20. gxf4 Ng4 0-1

[Event "AUTO-INT-2469"]
[Site "http://www.queenalice.com/game.php?id=1115880"]
[Date "2012.10.25"]
[Round "1"]
[White "Gabriel_HD"]
[Black "juaox9"]
[Result "0-1"]
[WhiteElo "1924"]
[BlackElo "1962"]

1. e4 c5 2. Nf3 e6 3. d4 cxd4 4. Qxd4 Nc6 5. Qc4 d5 6. exd5 exd5 7. Qa4 Bd6 8.
Bb5 Bd7 9. Nc3 Nge7 10. O-O O-O 11. Re1 a6 12. Bd3 h6 13. Qh4 Nb4 14. a3 Nxd3
15. cxd3 Bf5 16. Qd4 Rc8 17. Re3 Bc5 18. Qe5 Bxe3 19. Bxe3 Qd7 20. Bd4 f6 21.
Qg3 Bh7 22. Re1 Nf5 23. Qg4 Qf7 24. Nh4 Nxh4 25. Qxh4 Rfe8 26. Rd1 Bxd3 27. h3
Bh7 28. Qg4 Kh8 29. Qh4 Qe6 30. Be3 Rcd8 31. Ne2 Qe4 32. Qh5 Bg6 33. Qf3 Qxf3
34. gxf3 Bf7 35. Nf4 Re7 36. Bd4 Rde8 37. Kf1 Rc8 38. Bc3 Rxc3 39. bxc3 Rc7 40.
Rd3 Rc4 41. Ke2 Rxf4 42. Kf1 Ra4 43. Rd1 Rxa3 44. Rc1 Ra2 45. Kg2 Kg8 46. Kg3
Kf8 47. f4 Ke7 48. Kf3 Kd6 49. Ke3 Kc5 50. f5 Kc4 51. h4 a5 52. Rg1 g5 53. fxg6
Bg8 54. g7 Kxc3 55. Rg6 Ra1 56. Rxf6 Rg1 57. Rxh6 Rxg7 58. Rb6 a4 59. Ke2 a3 60.
Rb5 d4 61. Rc5+ Kb2 62. Kd2 Bb3 63. h5 a2 64. Ra5 a1=Q 65. Rxa1 Kxa1 66. Kd3 Rf7
67. Ke2 Bc4+ 68. Ke1 b5 69. h6 b4 70. h7 Rxh7 71. f4 b3 72. Kd1 b2 73. f5 b1=Q+
0-1

[Event "AUTO-INT-2469"]
[Site "http://www.queenalice.com/game.php?id=1115881"]
[Date "2012.10.25"]
[Round "1"]
[White "juaox9"]
[Black "Gabriel_HD"]
[Result "1-0"]
[WhiteElo "1914"]
[BlackElo "1804"]

1. e4 e5 2. Nc3 Nf6 3. g3 Bb4 4. Bg2 Nc6 5. Nge2 d6 6. O-O Bg4 7. f3 Bh5 8. Kh1
Nd4 9. a3 Bc5 10. b4 Bb6 11. Na4 O-O 12. c3 Ne6 13. Nxb6 axb6 14. d4 exd4 15.
cxd4 c5 16. d5 Nc7 17. Bb2 Re8 18. Nf4 h6 19. Qd3 Bg6 20. Nxg6 fxg6 21. f4 Ng4
22. Rae1 Re7 23. Qb3 Nb5 24. bxc5 Qd7 25. a4 Nc7 26. cxd6 Qxd6 27. e5 Qc5 28.
d6+ Re6 29. dxc7 Nf2+ 30. Rxf2 Qxf2 31. Rf1 Qc5 32. Qxe6+ Kh7 33. Rc1 Qf2 34.
Be4 Qxb2 35. Qxg6+ Kg8 36. c8=Q+ 1-0

[Event "AUTO-INT-2469"]
[Site "http://www.queenalice.com/game.php?id=1115898"]
[Date "2012.10.25"]
[Round "1"]
[White "juaox9"]
[Black "renet54"]
[Result "1-0"]
[WhiteElo "1700"]
[BlackElo "1645"]

1. e4 e5 2. Nc3 Nf6 3. g3 b6 4. Bg2 Bc5 5. Nf3 d5 6. d3 Bg4 7. exd5 Nxd5 8. Nxd5
Qxd5 9. h3 Be6 10. Nh4 Qd4 11. Be3 Qd6 12. Bxc5 Qxc5 13. Bxa8 O-O 14. Bg2 Nd7
15. O-O Nf6 16. Re1 Nh5 17. Qxh5 g6 18. Qxe5 Qxc2 19. Qf6 Qxd3 20. Rxe6 c5 21.
Re7 h5 22. Rae1 Qc4 23. Nxg6 fxg6 24. Qg7# 1-0

[Event "AUTO-INT-2469"]
[Site "http://www.queenalice.com/game.php?id=1115899"]
[Date "2012.10.25"]
[Round "1"]
[White "renet54"]
[Black "juaox9"]
[Result "0-1"]
[WhiteElo "1607"]
[BlackElo "1799"]

1. d4 d5 2. Nf3 Nf6 3. c4 c6 4. e3 a6 5. Nc3 e6 6. Bd3 Nbd7 7. a3 dxc4 8. Bxc4
b5 9. Bb3 c5 10. O-O cxd4 11. exd4 Bb7 12. Re1 Be7 13. Be3 O-O 14. Bc2 Nb6 15.
Bg5 Bxf3 16. Qxf3 Rc8 17. Bxf6 Bxf6 18. Qe4 g6 19. Rac1 Rc7 20. Re3 Qxd4 21. Qf3
Bg7 22. Rd3 Qf6 23. Qd1 Qe7 24. Qf3 Nc4 25. Ne4 Ne5 26. Qd1 Nxd3 27. Qxd3 Rd8
28. Qh3 Rxc2 29. g3 Rxc1+ 30. Kg2 Qb7 31. g4 Qxe4+ 32. f3 Rd2+ 33. Kg3 Rg1+ 34.
Kh4 Bf6# 0-1

[Event "AUTO-INT-2469"]
[Site "http://www.queenalice.com/game.php?id=1115900"]
[Date "2012.10.25"]
[Round "1"]
[White "juaox9"]
[Black "lala"]
[Result "1-0"]
[WhiteElo "1660"]
[BlackElo "1545"]

1. e4 e5 2. Nf3 d6 3. d4 Nd7 4. Bc4 c5 5. dxe5 dxe5 6. Nc3 g6 7. O-O Bg7 8. Bg5
Qb6 9. Qd5 Bf6 10. Qxf7+ Kd8 11. Nd5 Qd6 12. Rfd1 h6 13. Nxf6 Ngxf6 14. Rxd6 1-0

[Event "AUTO-INT-2469"]
[Site "http://www.queenalice.com/game.php?id=1115901"]
[Date "2012.10.25"]
[Round "1"]
[White "lala"]
[Black "juaox9"]
[Result "0-1"]
[WhiteElo "1455"]
[BlackElo "1848"]

1. d4 d5 2. c3 Nf6 3. Qa4+ Nc6 4. b4 Bd7 5. b5 Nb8 6. Bf4 c6 7. e3 cxb5 8. Bxb5
Nc6 9. Nf3 a6 10. Bxc6 Bxc6 11. Qb3 e6 12. O-O Bd6 13. Bg5 O-O 14. Nbd2 Rc8 15.
a4 b6 16. Qd1 Bb7 17. Nh4 Rxc3 18. Qf3 Be7 19. Qg3 Nh5 20. Qf3 Bxg5 21. Qxh5
Bxh4 22. Nf3 Bf6 23. Rab1 Qd6 24. g4 g6 25. Qh3 Rfc8 26. g5 Bg7 27. Qg4 R8c6 28.
a5 b5 0-1

[Event "Challenge"]
[Site "http://www.queenalice.com/game.php?id=1129890"]
[Date "2012.12.10"]
[Round "-"]
[White "jujuju"]
[Black "juaox9"]
[Result "0-1"]
[WhiteElo "2239"]
[BlackElo "1865"]

1. d4 d5 2. Nf3 Nf6 3. e3 c6 4. Nc3 Bg4 5. Bd3 e6 6. O-O Nbd7 7. h3 Bxf3 8. gxf3
Bd6 9. e4 e5 10. Be3 O-O 11. b3 exd4 12. Bxd4 Nh5 13. exd5 Qh4 14. Ne4 Qxh3 15.
Nxd6 Nf4 16. Bxh7+ Kxh7 0-1

[Event "Challenge"]
[Site "http://www.queenalice.com/game.php?id=1135746"]
[Date "2012.12.30"]
[Round "-"]
[White "juaox9"]
[Black "jujuju"]
[Result "1-0"]
[WhiteElo "1947"]
[BlackElo "2256"]

1. e4 e5 2. Nc3 Nf6 3. Bc4 Nc6 4. d3 Bb4 5. Nf3 d5 6. exd5 Nxd5 7. Bd2 Be6 8.
Bb5 f6 9. h3 a6 10. Bxc6+ bxc6 11. O-O Bd6 12. d4 h5 13. Re1 O-O 14. dxe5 Nxc3
15. Bxc3 fxe5 16. Nxe5 Qg5 17. Qd2 Qxd2 18. Bxd2 c5 19. Bc3 Bf5 20. Rac1 h4 21.
Re3 g5 22. Re2 a5 23. Bd2 Rfe8 24. Rce1 Bxe5 25. Rxe5 Rxe5 26. Rxe5 1-0

[Event "AUTO-INT-2468"]
[Site "http://www.queenalice.com/game.php?id=1146468"]
[Date "2013.1.29"]
[Round "2"]
[White "Severynnas"]
[Black "juaox9"]
[Result "1-0"]
[WhiteElo "1542"]
[BlackElo "1979"]

1. d4 d5 2. f4 Nf6 3. Qd3 Nbd7 4. Nc3 c5 5. e3 g6 6. Nf3 Bg7 7. Nb5 a6 8. dxc5
axb5 9. Qxb5 Qa5+ 10. Bd2 Qxb5 11. Bxb5 O-O 12. O-O-O Nxc5 13. a3 Bf5 14. Nd4
Be4 15. Rhg1 Rfc8 16. h4 Nb3+ 17. Nxb3 Rxc2+ 18. Kb1 Rxd2+ 19. Kc1 Rc2+ 20. Kb1
Ng4 21. Bd3 1-0

[Event "AUTO-INT-2468"]
[Site "http://www.queenalice.com/game.php?id=1146469"]
[Date "2013.1.29"]
[Round "2"]
[White "juaox9"]
[Black "Severynnas"]
[Result "0-1"]
[WhiteElo "1979"]
[BlackElo "1572"]

1. e4 d6 2. d4 f6 3. Bc4 e6 4. Nc3 d5 5. exd5 exd5 6. Bxd5 Bb4 7. Be4 Ne7 8. Ne2
O-O 9. O-O Bf5 10. Bf3 c6 11. a3 Bd6 12. Re1 Na6 13. Ng3 Bxg3 14. hxg3 Nc7 15.
Bf4 Ncd5 16. Nxd5 Nxd5 17. c4 Nxf4 18. gxf4 a5 19. b3 b6 20. Bxc6 Rc8 21. Bd5+
Kh8 22. Qd2 Qd6 0-1

[Event "AUTO-INT-2468"]
[Site "http://www.queenalice.com/game.php?id=1146476"]
[Date "2013.1.29"]
[Round "2"]
[White "juaox9"]
[Black "oevidalr"]
[Result "0-1"]
[WhiteElo "1990"]
[BlackElo "1795"]

1. e4 e5 2. Nf3 Nc6 3. Nc3 a6 4. g3 Nf6 5. Bg2 Bc5 6. O-O d6 7. d3 h6 8. h3 O-O
9. Qe2 Be6 10. Be3 Bxe3 11. Qxe3 Nd4 12. Nxd4 exd4 13. Qxd4 c5 14. Qe3 b6 15. e5
dxe5 16. Bxa8 Qxa8 0-1

[Event "AUTO-INT-2468"]
[Site "http://www.queenalice.com/game.php?id=1146477"]
[Date "2013.1.29"]
[Round "2"]
[White "oevidalr"]
[Black "juaox9"]
[Result "1-0"]
[WhiteElo "1788"]
[BlackElo "1979"]

1. e4 c5 2. Nf3 e6 3. Nc3 a6 4. d3 Nc6 5. a3 Qc7 6. Qe2 d6 7. h3 Nf6 8. Bg5 Be7
9. Qe3 b5 10. Be2 Rb8 11. O-O a5 12. Bxf6 Bxf6 13. Nd1 O-O 14. c3 b4 15. axb4
axb4 16. cxb4 Rxb4 17. Ra2 Bd7 18. Ra1 Rfb8 19. Rb1 Nd4 20. Nxd4 Bxd4 21. Qg3
1-0

[Event "AUTO-INT-2469"]
[Site "http://www.queenalice.com/game.php?id=1162738"]
[Date "2013.3.19"]
[Round "2"]
[White "juaox9"]
[Black "garca"]
[Result "1-0"]
[WhiteElo "1913"]
[BlackElo "1725"]

1. e4 e5 2. Nf3 d6 3. d4 exd4 4. Nxd4 Be7 5. Bc4 Nf6 6. Nc3 h6 7. O-O O-O 8. Re1
Bd7 9. Bf4 Nc6 10. h3 Nxd4 11. Qxd4 c5 12. Qd2 1-0

[Event "AUTO-INT-2469"]
[Site "http://www.queenalice.com/game.php?id=1162739"]
[Date "2013.3.19"]
[Round "2"]
[White "garca"]
[Black "juaox9"]
[Result "0-1"]
[WhiteElo "1725"]
[BlackElo "1913"]

1. e4 c5 2. Nc3 Nc6 3. d3 d6 4. Nf3 g6 5. Be2 Bg7 6. h3 e6 7. O-O Nge7 8. Bd2
O-O 9. Qc1 d5 10. Bh6 d4 11. Bxg7 Kxg7 0-1

[Event "AUTO-MASTER-1945"]
[Site "http://www.queenalice.com/game.php?id=1216396"]
[Date "2013.9.12"]
[Round "1"]
[White "Donidon"]
[Black "juaox9"]
[Result "1-0"]
[WhiteElo "2172"]
[BlackElo "1923"]

1. e4 c5 2. Nf3 e6 3. d4 cxd4 4. Nxd4 a6 5. c4 Qc7 6. Nc3 Bb4 7. Qc2 Nf6 8. f3
Nc6 9. Be3 O-O 10. Nxc6 bxc6 11. a3 Bxc3+ 12. Qxc3 d5 13. cxd5 exd5 14. e5 Nd7
15. f4 Bb7 16. Be2 Rae8 17. O-O f6 18. exf6 Nxf6 19. Bf3 Qd7 20. Bc5 Rf7 21.
Rae1 d4 22. Rxe8+ Qxe8 23. Bxd4 Nd5 24. Re1 Re7 25. Rxe7 Qxe7 26. Bxd5+ cxd5 27.
Qe3 Qxe3+ 28. Bxe3 Kf7 29. Bd4 g6 30. Kf2 Ke6 31. Kf3 Bc6 32. Kg4 h5+ 33. Kg5
Kf7 34. h3 a5 35. b4 1-0

[Event "AUTO-MASTER-1945"]
[Site "http://www.queenalice.com/game.php?id=1216397"]
[Date "2013.9.12"]
[Round "1"]
[White "juaox9"]
[Black "Donidon"]
[Result "0-1"]
[WhiteElo "1917"]
[BlackElo "2177"]

1. d4 Nf6 2. Nf3 d5 3. Bg5 Ne4 4. Bh4 h6 5. Bg3 e6 6. e3 c5 7. Nbd2 Nxg3 8. hxg3
Nc6 9. c3 Bd6 10. Bd3 Bd7 11. e4 dxe4 12. Nxe4 Be7 13. dxc5 Qc7 14. Bc2 O-O-O
15. Qe2 g5 16. O-O-O f5 17. Nd6+ Bxd6 18. cxd6 Qb6 19. Kb1 Kb8 20. Nd2 e5 21.
Nc4 Qa6 22. Rd2 Be6 23. Bb3 Qb5 24. Re1 e4 25. f3 Rhf8 26. Ka1 Rfe8 27. Na3 Qxe2
28. Rdxe2 Bxb3 29. axb3 Rxd6 30. fxe4 Rde6 31. e5 Rxe5 32. Rxe5 Rxe5 33. Rf1 Kc7
34. Nc2 Ra5+ 0-1

[Event "AUTO-MASTER-1945"]
[Site "http://www.queenalice.com/game.php?id=1216402"]
[Date "2013.9.12"]
[Round "1"]
[White "Pistolero"]
[Black "juaox9"]
[Result "1-0"]
[WhiteElo "2132"]
[BlackElo "1911"]

1. e4 c5 2. d4 cxd4 3. c3 dxc3 4. Nxc3 Nc6 5. Nf3 d6 6. Bc4 Nf6 7. O-O e6 8. Qe2
Be7 9. Rd1 Qc7 10. Bf4 e5 11. Bg5 O-O 12. Rac1 a6 13. a3 Bg4 14. b4 Nd4 15. Qd3
Rac8 16. Ne2 Nxe2+ 17. Qxe2 Qb8 18. h3 Bh5 19. g4 Bg6 20. Nh4 Bxe4 21. Nf5 Bxf5
22. gxf5 b5 23. Bxf6 Bxf6 24. Bd5 Qb6 25. Kh2 Bg5 26. Rxc8 Rxc8 27. Kg2 Bf4 28.
Qh5 Qc7 29. Rg1 Qe7 30. Kh1 Rc3 31. Qg4 1-0

[Event "AUTO-MASTER-1945"]
[Site "http://www.queenalice.com/game.php?id=1216403"]
[Date "2013.9.12"]
[Round "1"]
[White "juaox9"]
[Black "Pistolero"]
[Result "0-1"]
[WhiteElo "1904"]
[BlackElo "2137"]

1. d4 f5 2. g3 Nf6 3. Bg2 g6 4. Nf3 Bg7 5. O-O O-O 6. c4 d6 7. Nc3 Nbd7 8. e4
fxe4 9. Ng5 Nb6 10. Qb3 e6 11. c5 Nbd5 12. Ngxe4 Rb8 13. Rd1 a6 14. Nxf6+ Nxf6
15. cxd6 cxd6 16. Bf4 Nh5 17. Be3 Kh8 18. Rac1 b5 19. Ne2 Qe7 20. Rc2 Bb7 21.
Rdc1 Bxg2 22. Kxg2 Qb7+ 23. Kg1 Qe4 24. Rc6 Qg4 25. Qd3 Rbd8 26. Rxa6 e5 27.
Rcc6 Nf4 28. Nxf4 exf4 29. Bd2 Qd1+ 30. Kg2 f3+ 31. Kh3 Qg1 0-1